| 000 | 00421nam a22001697a 4500 | ||
|---|---|---|---|
| 005 | 20180904111533.0 | ||
| 008 | 160503b xxu||||| |||| 00| 0 eng d | ||
| 020 | _a333932455 | ||
| 041 | _aeng | ||
| 082 |
_b1184 _a658.4012 |
||
| 100 |
_aRamaswamy V.S and Namakumari, S. _94825 |
||
| 245 | _aStrategic Planning | ||
| 260 |
_bMc Millan India Pvt. Ltd. _c1999 |
||
| 300 | _a461p, | ||
| 650 |
_aManagement _9241 |
||
| 942 | _cBK | ||
| 999 |
_c472 _d472 |
||